Del Caribe somos / (Registro nro. 13582)
[ vista simple ]
| 000 -LEADER | |
|---|---|
| fixed length control field | 01075nam a2200301 a 4500 |
| 001 - CONTROL NUMBER | |
| control field | |
| 003 - CONTROL NUMBER IDENTIFIER | |
| control field | DO-SdBNP |
| 005 - DATE AND TIME OF LATEST TRANSACTION | |
| control field | 20210719131411.0 |
| 008 - FIXED-LENGTH DATA ELEMENTS--GENERAL INFORMATION | |
| fixed length control field | 140321s2012 dr 000 0 spa d |
| 020 ## - INTERNATIONAL STANDARD BOOK NUMBER | |
| International Standard Book Number | 9789945412703 |
| 040 ## - CATALOGING SOURCE | |
| Original cataloging agency | BPMSU |
| Language of cataloging | spa |
| Transcribing agency | BPMSU |
| 082 ## - DEWEY DECIMAL CLASSIFICATION NUMBER | |
| Classification number | 306.97293 |
| Item number | A473d 2012 |
| Edition number | 22 |
| 100 1# - MAIN ENTRY--PERSONAL NAME | |
| Personal name | Álvarez Estévez, Rolando, |
| Dates associated with a name | 1939- |
| 245 10 - TITLE STATEMENT | |
| Title | Del Caribe somos / |
| Statement of responsibility, etc. | Rolando Álvarez Estévez, Marta Guzmán Pascual ; editor Rainier Pérez Hernández. |
| 260 ## - PUBLICATION, DISTRIBUTION, ETC. (IMPRINT) | |
| Place of publication, distribution, etc. | Santo Domingo : |
| Name of publisher, distributor, etc. | FUNGLODE, |
| Date of publication, distribution, etc. | 2012. |
| 300 ## - PHYSICAL DESCRIPTION | |
| Extent | 167 p. ; |
| Dimensions | 26 cm. |
| 490 0# - SERIES STATEMENT | |
| Series statement | Democracia |
| 504 ## - BIBLIOGRAPHY, ETC. NOTE | |
| Bibliography, etc | Incluye referencias bibliográficas y notas al pie de las páginas. |
| 590 ## - LOCAL NOTE (RLIN) | |
| Local note | Inventariado,2021/VM |
| 650 #4 - SUBJECT ADDED ENTRY--TOPICAL TERM | |
| Topical term or geographic name as entry element | Identidad nacional |
| Geographic subdivision | Caribe (Región) |
| General subdivision | Historia |
| 651 #4 - SUBJECT ADDED ENTRY--GEOGRAPHIC NAME | |
| Geographic name | Caribe (Región) |
| General subdivision | Historia |
| 651 #4 - SUBJECT ADDED ENTRY--GEOGRAPHIC NAME | |
| Geographic name | Caribe (Región) |
| General subdivision | Características Nacionales |
| -- | Historia |
| 700 12 - ADDED ENTRY--PERSONAL NAME | |
| Personal name | Guzmán Pascual, Marta, |
| Dates associated with a name | 1942- |
| 700 12 - ADDED ENTRY--PERSONAL NAME | |
| Personal name | Pérez Hernández, Rainier, |
| 710 2# - ADDED ENTRY--CORPORATE NAME | |
| Corporate name or jurisdiction name as entry element | Fundación Global Democracía y Desarrollo (República Dominicana) |
| 910 ## - USER-OPTION DATA (OCLC) | |
| User-option data | VMateo V. |
| 942 ## - ADDED ENTRY ELEMENTS (KOHA) | |
| Source of classification or shelving scheme | Dewey Decimal Classification |
| Koha item type | Libros |
| Withdrawn status | Lost status | Source of classification or shelving scheme | Damaged status | Not for loan | Collection code | Home library | Current library | Date acquired | Source of acquisition | Total Checkouts | Full call number | Barcode | Date last seen | Price effective from | Koha item type |
|---|---|---|---|---|---|---|---|---|---|---|---|---|---|---|---|
| Dewey Decimal Classification | Colección Dominicana | Biblioteca Pública Metropolitana Salomé Ureña | Biblioteca Pública Metropolitana Salomé Ureña | 07/19/2021 | FUNGLODE | BPMSU CD 306.9729 A473d 2012 | BPMSU21070017 | 07/19/2021 | 07/19/2021 | Libros |